000 00361 a2200157 4500
001 74832
020 _a978858057250-6
040 _cAnchieta - Colégio São Paulo
100 _aKnight, Mary Jane
240 1 0 _aAs crônicas dos Kane
_lpor
245 1 0 _aAs crônicas dos Kane
300 _a144
362 0 _a2012
650 4 _aLiteratura juvenil
942 _cBK
999 _c74832
_d74832